|
|
|
|
| LEADER |
02199nam a2200469 i 4500 |
| 001 |
EBC2071026 |
| 003 |
MiAaPQ |
| 005 |
20200520144314.0 |
| 006 |
m o d | |
| 007 |
cr cnu|||||||| |
| 008 |
150627t20152015it ob 000 0 eng d |
| 020 |
|
|
|z 9788834858813
|
| 020 |
|
|
|a 9788892154988
|q (electronic bk.)
|
| 035 |
|
|
|a (MiAaPQ)EBC2071026
|
| 035 |
|
|
|a (Au-PeEL)EBL2071026
|
| 035 |
|
|
|a (CaPaEBR)ebr11066251
|
| 035 |
|
|
|a (OCoLC)939554520
|
| 040 |
|
|
|a MiAaPQ
|b eng
|e rda
|e pn
|c MiAaPQ
|d MiAaPQ
|
| 043 |
|
|
|a e------
|
| 050 |
|
4 |
|a HF5686.C7
|b .C565 2015
|
| 082 |
0 |
|
|a 657
|2 23
|
| 100 |
1 |
|
|a Cimini, Riccardo,
|e author.
|
| 245 |
1 |
4 |
|a The selective misrepresentation of financial information due to earnings management :
|b theoretical background, models and empirical evidence from the European Union /
|c Riccardo Cimini.
|
| 264 |
|
1 |
|a Turin, [Italy] :
|b G. Giappichelli Editore,
|c 2015.
|
| 264 |
|
4 |
|c 2015
|
| 300 |
|
|
|a 1 online resource (223 pages).
|
| 336 |
|
|
|a text
|2 rdacontent
|
| 337 |
|
|
|a computer
|2 rdamedia
|
| 338 |
|
|
|a online resource
|2 rdacarrier
|
| 490 |
1 |
|
|a Studi di Ragioneria e di Economia Aziendale ;
|v 65
|
| 504 |
|
|
|a Includes bibliographical references.
|
| 588 |
|
|
|a Description based on online resource; title from PDF title page (ebrary, viewed June 27, 2015).
|
| 590 |
|
|
|a Electronic reproduction. Ann Arbor, MI : ProQuest, 2015. Available via World Wide Web. Access may be limited to ProQuest affiliated libraries.
|
| 650 |
|
0 |
|a Corporations
|x Accounting.
|
| 650 |
|
0 |
|a Earnings management.
|
| 650 |
|
0 |
|a Finance
|z European Union countries.
|
| 650 |
|
0 |
|a Financial statements.
|
| 655 |
|
4 |
|a Electronic books.
|
| 776 |
0 |
8 |
|i Print version:
|a Cimini, Riccardo.
|t Selective misrepresentation of financial information due to earnings management : theoretical background, models and empirical evidence from the European Union.
|d Turin, [Italy] : G. Giappichelli Editore, c2015
|h xiv, 201 pages
|k Studi di Ragioneria e di Economia Aziendale ; 65
|z 9788834858813
|
| 797 |
2 |
|
|a ProQuest (Firm)
|
| 830 |
|
0 |
|a Studi di ragioneria e di economia aziendale ;
|v 65.
|
| 856 |
4 |
0 |
|u https://ebookcentral.proquest.com/lib/matrademy/detail.action?docID=2071026
|z Click to View
|